Al través de la Industria Salitrera. Reproducción de los Artículos publicados en la Prensa de Valparaíso

Na minha lista:
Detalhes bibliográficos
Autor principal: Ripio, pseud (Author)
Formato: Livro
Idioma:espanhol
Publicado em: Valparaíso Sociedad Imprenta y Litografía Universo 1913
Edição:1a. ed
Assuntos:
Tags: Adicionar Tag
Sem tags, seja o primeiro a adicionar uma tag!

MARC

LEADER 00000nam a2200000 a 4500
001 UCJ8120
003 CL-VaPUC
008 070124e19130000CL |||||||||||||||||spa|d
082 0 4 |a 918.3  |b RIP  |2 21 
100 0 |a Ripio, pseud.  |e author  |9 516787 
245 1 0 |a Al través de la Industria Salitrera. Reproducción de los Artículos publicados en la Prensa de Valparaíso 
250 |a 1a. ed 
300 |a 76 p 
942 |c BK 
945 |d 20070124 00:00:00  |a rinostro 
260 |a Valparaíso  |b Sociedad Imprenta y Litografía Universo  |c 1913 
600 0 7 |a ASOCIACION SALITRERA DE PROPAGANDA  |2 CL-VaPUC  |9 516788 
650 0 |a Industria salitrera  |9 440309 
583 |a last modification  |c 20070124 00:00:00  |k Rodrigo Vera 
999 |c 323918  |d 323916 
952 |0 0  |1 0  |4 0  |6 918_300000000000000_RIP_1913  |7 0  |8 X  |9 403776  |a FDOBUD  |b FDOBUD  |d 2019-11-22  |i 1073206  |o 918.3 RIP 1913  |p 1073206  |r 2019-11-22  |w 2019-11-22  |y BK_X  |k BUD